000 00592nam a22002057a 4500
008 210303s9999 xx 000 0 und d
016 _2retro2021
020 _a9788123066
040 _aNLN
_bEnglish
_eAACR2
050 _aPR9837.9 .O41
_bD611
082 _a823
100 _aOKI, Raymond
_eaut
_923943
245 _aDishonoured honourable /
_cRaymond Oki
260 _aIbadan, Oyo State :
_bExtension Publications,
_c2005
300 _aiv, 66p. :
_bill. ; 17cm.
563 _a(pbk)
650 _aNigerian fiction (English)
650 _aNigerian literature (English)
_98519
942 _cBK
999 _c16357
_d16357